Programa de trabajo: 1996-98
Uloženo v:
| Korporativní autor: | |
|---|---|
| Médium: | Kniha |
| Jazyk: | španělština |
| Vydáno: |
Turín
European Training Foundation
1996
|
| Témata: | |
| Tagy: |
Přidat tag
Žádné tagy, Buďte první, kdo vytvoří štítek k tomuto záznamu!
|
MARC
| LEADER | 00000nam a2200000 a 4500 | ||
|---|---|---|---|
| 001 | UCS6796 | ||
| 003 | CL-VaPUC | ||
| 008 | 971003e19960000IT |||||||||||||||||spa|d | ||
| 082 | 0 | 4 | |a 373.246 |b FUN |2 21 |
| 110 | 2 | |a Fundación Europea de Formación |e author |9 392170 | |
| 245 | 1 | 0 | |a Programa de trabajo: 1996-98 |
| 300 | |a 171 p | ||
| 942 | |c BK | ||
| 945 | |d 19971003 00:00:00 |a rleighto | ||
| 260 | |a Turín |b European Training Foundation |c 1996 | ||
| 650 | 0 | |a Formación profesional |9 257232 | |
| 650 | 0 | |a Programas de estudios |9 341189 | |
| 650 | 0 | |a Educación de adultos |9 307580 | |
| 650 | 0 | |a Educación superior |9 223851 | |
| 583 | |a last modification |c 19971003 00:00:00 |k Rodrigo Vera | ||
| 999 | |c 262373 |d 262371 | ||
| 952 | |0 0 |1 0 |4 0 |6 373_246000000000000_FUN_1996 |7 0 |8 P |9 290770 |a BIBEDU |b BIBEDU |c BIBEDU_PB |d 2019-11-19 |i 3331113 |o 373.246 FUN 1996 |p 3331113 |r 2024-01-25 |w 2019-11-19 |y BK |k EDU | ||